| 000 | 00622nam a22001697a 4500 | ||
|---|---|---|---|
| 003 | OSt | ||
| 005 | 20240529112832.0 | ||
| 008 | 240522b ||||| |||| 00| 0 eng d | ||
| 040 | _cAIMIT LIBRARY | ||
| 100 |
_aLakra, Ashok. _e2016029 _9166759 |
||
| 245 |
_aInterim assessment of integrated livestock development project implemented in villages of masturi block of bilaspur district / _cBy Ashok Lakra ; Guided by Rajani Suresh. |
||
| 260 |
_bBilaspura , _c2022. |
||
| 650 |
_aInterim assessment of integrated livestock. _9168376 |
||
| 700 |
_aSuresh, Rajani. _eGuide _9166760 |
||
| 856 | _3NTPC Limited | ||
| 942 |
_2ddc _cPRO |
||
| 999 |
_c230863 _d230863 |
||